| 000 | 00658 a2200193 4500 | ||
|---|---|---|---|
| 001 | 61762 | ||
| 005 | 20260407155909.0 | ||
| 008 | 260407a1972 arg spa d | ||
| 003 | AR-UNSa-BCEJYS | ||
| 040 |
_aAR-UNSa-BCEJYS _bspa _cAR-UNSa-BCEJYS |
||
| 080 |
_a347.72 _xSociedades comerciales |
||
| 245 | 1 | 0 |
_aLey de sociedades comerciales _pCurso dictado por el autor en el colegio de escribanos de la Capital Federal (abril-julio 1972) |
| 264 | 1 |
_aBuenos Aires : _bInstituto Argentino de Cultura Notarial _c1972 |
|
| 300 |
_a335 p. _c23 cm. |
||
| 041 | _aspa | ||
| 942 | _cBK | ||
| 590 | _aniveau_biblio:m niveau_hierar:0 | ||
| 100 | 1 | _aMascheroni, Fernando H. | |
| 999 |
_c7413 _d7413 |
||